Quiz - Culture Football #1 - Statistiques

Statistiques générales
  • Ce quiz a été pris 697 fois
  • Le résultat moyen est 12 sur 20
Statistiques - réponses
Question Réponse % Correct
Quel est le prénom du frère de Jude Bellingham ? Jobe
86%
Quel est le seul de ces clubs qui a remporté la Ligue des Champions ? Borussia Dortmund
77%
Quel joueur est surnommé "El Pistolero" ? Luis Suarez
77%
Quel club français n'a jamais disputé une finale de la Ligue des Champions ? Olympique Lyonnais
77%
Quel est le club formateur de Zinédine Zidane ? AS Cannes
66%
Quel club a remporté le plus de Ligue des Champions (Hors Real Madrid) ? AC Milan
63%
Combien de Ballon d'Or possédait Lionel Messi en 2017 ? 5
61%
Quel joueur a été élu homme du match de la demi-finale aller, de la demi-finale retour et de la finale de la Ligue des Champions la même année ? N'golo Kanté
60%
Quel club anglais voit ses joueurs se faire surnommer les "Seagulls" ? Brighton
59%
Quel était le numéro de Thierry Henry à Arsenal ? 14
57%
Quel club de Ligue 1 joue au stade "Gabriel-Montpied" ? Clermont Foot
57%
Quelle nation est éliminée par le Portugal en demi-finale de l'Euro 2016 ? Pays de Galles
57%
Dans quel club Hatem Ben Arfa n'a t'il jamais joué ? Elche
56%
Quelle est la nationalité de Geoffrey Kondogbia ? République Centrafricaine
55%
Lequel de ces duos de frères jouent pour la même sélection nationale ? Jordan et André Ayew
53%
Lequel de ces joueurs a inscrit un but en finale de la Ligue des Champions ? Marco Asensio
46%
Lequel de ces joueurs n'a pas marqué lors du match Brésil - Allemagne ( 1 - 7 ) ? Mario Gotze
46%
Lequel de ces clubs n'appartient pas au City Football Group (Propriétaire de Manchester City) ? Los Angeles Galaxy
37%
Quel est le prix du transfert d'Erling Haaland à Manchester City ? 60 millions
30%
Avec quel joueur Cristiano Ronaldo a été le co-meilleur buteur de l'Euro en 2021 ? Patrick Schick
30%
Aucun quiz correspondant
Distribution des résultats
% des personnes avec chaque résultat
Percentile par nombre de réponses
Votre historique - résultats
Vous n’avez pas pris ce quiz